2026 MLB Opening Day Lineups - Statistics

General Stats
  • This quiz has been taken 65 times
  • The average score is 146 of 300
Answer Stats
Hint Answer % Correct
2B Ketel Marte
87%
RF Noelvi Marte
87%
RF Starling Marte
87%
RF Corbin Carroll
83%
C Gabriel Moreno
83%
SS Geraldo Perdomo
83%
RF Cam Smith
80%
2B Josh Smith
80%
CF Luisangel Acuña
80%
RF Ronald Acuña Jr.
80%
SP Shane Smith
80%
C Will Smith
80%
1B Matt Olson
77%
1B Nick Kurtz
77%
3B Nolan Arenado
77%
SP Tarik Skubal
77%
CF Alek Thomas
73%
SS Javier Báez
73%
CF Lane Thomas
73%
2B Ozzie Albies
73%
SP Paul Skenes
73%
LF Riley Greene
73%
1B Spencer Torkelson
73%
SP Zac Gallen
73%
RF Adolis García
70%
3B Austin Riley
70%
1B Bryce Harper
70%
SS Elly De La Cruz
70%
3B Maikel García
70%
CF Oneil Cruz
70%
C Adley Rutschman
67%
3B Alec Bohm
67%
CF Andy Pages
67%
SS Bobby Witt Jr.
67%
LF Brandon Marsh
67%
C Cal Raleigh
67%
C Dillon Dingler
67%
DH Eugenio Suárez
67%
RF Fernando Tatís Jr.
67%
1B Freddie Freeman
67%
SS Gunnar Henderson
67%
SS Jacob Wilson
67%
2B Jose Altuve
67%
C J.T. Realmuto
67%
3B Max Muncy
67%
CF Mike Trout
67%
C Pedro Pagés
67%
1B Pete Alonso
67%
C Shea Langeliers
67%
SS Trea Turner
67%
DH Brent Rooker
63%
SP Chris Sale
63%
1B Christian Walker
63%
SS Dansby Swanson
63%
LF Heriberto Hernández
63%
RF Jordan Walker
63%
CF Julio Rodríguez
63%
RF Kerry Carpenter
63%
3B Kevin McGonigle
63%
RF Kyle Tucker
63%
RF Lawrence Butler
63%
3B Manny Machado
63%
CF Michael Harris II
63%
SS Mookie Betts
63%
CF Pete Crow-Armstrong
63%
C Salvador Pérez
63%
DH Shohei Ohtani
63%
LF Taylor Ward
63%
LF Teoscar Hernández
63%
1B Vladimir Guerrero Jr.
63%
DH Yordan Álvarez
63%
SP Yoshinobu Yamamoto
63%
2B Bryson Stott
60%
DH Christian Yelich
60%
SS Corey Seager
60%
SP Cristopher Sánchez
60%
DH Drake Baldwin
60%
C Francisco Álvarez
60%
SS Francisco Lindor
60%
SP Garrett Crochet
60%
DH Josh Bell
60%
DH Kyle Schwarber
60%
1B Munetaka Murakami
60%
C William Contreras
60%
1B Willson Contreras
60%
C Yainer Díaz
60%
DH Yandy Díaz
60%
RF Aaron Judge
57%
C Agustín Ramírez
57%
C Alejandro Kirk
57%
1B Ben Rice
57%
3B Bo Bichette
57%
C Bo Naylor
57%
CF Byron Buxton
57%
SS Carlos Correa
57%
C Carson Kelly
57%
CF Ceddanne Rafaela
57%
SP Freddy Peralta
57%
DH Giancarlo Stanton
57%
2B Jake Cronenworth
57%
DH Jarren Duran
57%
2B Jazz Chisholm Jr.
57%
1B Jorge Polanco
57%
3B José Ramírez
57%
1B Josh Naylor
57%
LF Juan Soto
57%
SP Logan Webb
57%
SP Max Fried
57%
1B Michael Busch
57%
2B Nico Hoerner
57%
SS Otto López
57%
DH Rafael Devers
57%
LF Roman Anthony
57%
SP Sandy Alcántara
57%
SS Trevor Story
57%
1B Vinnie Pasquantino
57%
SS Willy Adames
57%
3B Alex Bregman
53%
C Austin Wells
53%
2B Brandon Lowe
53%
2B Brice Turang
53%
LF Cody Bellinger
53%
DH Colt Keith
53%
SP Hunter Brown
53%
LF James Wood
53%
LF Josh Lowe
53%
CF Justin Crawford
53%
SP Logan Gilbert
53%
SP Luis Severino
53%
LF Steven Kwan
53%
SS Xander Bogaerts
53%
SS Andrés Giménez
50%
RF Brandon Nimmo
50%
SS CJ Abrams
50%
SS Colson Montgomery
50%
CF Daulton Varsho
50%
2B Ernie Clement
50%
DH George Springer
50%
LF Ian Happ
50%
3B Isaac Paredes
50%
CF Jackson Merrill
50%
SP Joe Ryan
50%
C Jonah Heim
50%
3B Josh Jung
50%
3B Junior Caminero
50%
C Logan O'Hoppe
50%
2B Luis Arráez
50%
DH Marcell Ozuna
50%
2B Marcus Semien
50%
SS Masyn Winn
50%
LF Randy Arozarena
50%
C Ryan Jeffers
50%
CF Trent Grisham
50%
SS Zach Neto
50%
LF Austin Hays
47%
LF Austin Martin
47%
3B Brendan Donovan
47%
SS Carson Williams
47%
DH Carter Jensen
47%
2B Cole Young
47%
C Danny Jansen
47%
2B Gleyber Torres
47%
C Henry Davis
47%
CF Jacob Young
47%
1B Jake Burger
47%
RF Jo Adell
47%
SS Joey Ortiz
47%
1B Jonathan Aranda
47%
3B Ke'Bryan Hayes
47%
SP Kevin Gausman
47%
3B Matt Chapman
47%
2B Miguel Rojas
47%
SP Nathan Eovaldi
47%
1B Nolan Schanuel
47%
C Patrick Bailey
47%
RF Wilyer Abreu
47%
SP Andrew Abbott
43%
DH Andrew Benintendi
43%
SS Brooks Lee
43%
LF Bryan Reynolds
43%
C Carlos Narváez
43%
CF Cedric Mullins
43%
SP Cole Ragans
43%
CF Colton Cowser
43%
CF Denzel Clarke
43%
SS Ezequiel Tovar
43%
LF Heliot Ramos
43%
SP Jacob Misiorowski
43%
SP José Soriano
43%
C Keibert Ruiz
43%
SP Matthew Boyd
43%
SS Mauricio Dubón
43%
3B Miguel Vargas
43%
3B Royce Lewis
43%
3B Ryan McMahon
43%
CF TJ Friedl
43%
LF Tyler Soderstrom
43%
CF Wyatt Langford
43%
2B Xavier Edwards
43%
RF Addison Barger
40%
1B Alec Burleson
40%
2B Brayan Rocchio
40%
DH Brett Baty
40%
1B Carlos Santana
40%
SP Drew Rasmussen
40%
C Freddy Fermin
40%
C Hunter Goodman
40%
SS Jared Triolo
40%
2B JJ Wetherholt
40%
RF Jung Hoo Lee
40%
3B Kazuma Okamoto
40%
SP Kyle Freeland
40%
RF Luke Raley
40%
3B Nolan Gorman
40%
1B Rhys Hoskins
40%
RF Sal Frelick
40%
LF Spencer Steer
40%
SP Trevor Rogers
40%
C Tyler Stephenson
40%
2B Blaze Alexander
37%
RF Chase DeLauter
37%
SS Gabriel Arias
37%
CF Garrett Mitchell
37%
DH Iván Herrera
37%
LF Jake McCarthy
37%
CF Jake Meyers
37%
2B Jeff McNeil
37%
SS José Caballero
37%
2B Luke Keaschall
37%
RF Matt Shaw
37%
LF Nathan Lukes
37%
C Nick Fortes
37%
SP Nick Pivetta
37%
CF Parker Meadows
37%
LF Ramón Laureano
37%
RF Ryan O'Hearn
37%
1B Sal Stewart
37%
RF Tyler O'Neill
37%
3B Caleb Durbin
33%
LF Eli White
33%
1B Gavin Sheets
33%
CF Harrison Bader
33%
2B Isiah Kiner-Falefa
33%
2B Jonathan India
33%
1B Spencer Horwitz
33%
CF Victor Scott II
33%
2B Ben Williamson
30%
CF Brenton Doyle
30%
1B Casey Schmitt
30%
3B Coby Mayo
30%
DH Dominic Canzone
30%
CF Jakob Marsee
30%
LF Jordan Lawlar
30%
DH Jorge Soler
30%
SS Leo Rivas
30%
CF Luis Robert Jr.
30%
DH Moisés Ballesteros
30%
3B Nick Gonzales
30%
DH Tim Tawa
30%
2B Willi Castro
30%
3B Yoán Moncada
30%
DH Andrew McCutchen
27%
1B Andrew Vaughn
27%
2B Chase Meidroth
27%
1B Connor Norby
27%
LF Isaac Collins
27%
SP Matthew Liberatore
27%
2B Matt McLain
27%
DH Owen Caissie
27%
SP Tanner Bibee
27%
3B Brady House
23%
SP Cade Cavalli
23%
RF Carson Benge
23%
C Edgar Quero
23%
DH Edouard Julien
23%
LF Jake Bauers
23%
LF Joey Loperfido
23%
RF Jonny DeLuca
23%
DH Kyle Manzardo
23%
LF Nathan Church
23%
2B Oswald Peraza
23%
DH Samuel Basallo
23%
3B David Hamilton
20%
DH Daylen Lile
20%
RF Matt Wallner
20%
2B Nasim Nuñez
20%
CF Daniel Schneemann
17%
RF Everson Pereira
17%
RF Jordan Beck
17%
3B Kyle Karros
17%
DH Miguel Andujar
17%
LF Ryan Vilade
17%
LF Sam Haggerty
17%
1B TJ Rumfield
17%
1B Víctor Caratini
17%
1B Andrés Chaparro
13%
RF Austin Slater
13%
3B Javier Sanoja
13%
RF Joey Wiemer
13%
No matching quizzes found
Score Distribution
Percent of People with Each Score
Percentile by Number Answered
Your Score History
You have not taken this quiz